[Event "RC-2014-0-00141"]
[Site "LSS email"]
[Date "2014.02.20"]
[Round "?"]
[White "Khabarov, Valerij"]
[Black "Le Duigou, Jean Guy"]
[Result "0-1"]
[WhiteElo "1797"]
[BlackElo "1714"]
[PlyCount "58"]
[EventDate "2014.01.04"]
[EventType "tourn (corr)"]
[EventRounds "6"]
[EventCountry "GER"]
[SourceTitle "Telechess CBM 167"]
[Source "ChessBase"]
[SourceDate "2015.07.13"]
[SourceVersion "1"]
[SourceVersionDate "2015.07.13"]
[SourceQuality "1"]

1. e4 e6 2. d4 d5 3. Nc3 Bb4 4. a3 Bxc3+ 5. bxc3 dxe4 6. Qg4 Nf6 7. Qxg7 Rg8 8. Qh6 Nbd7 9. Ne2 b6 10. Ng3 Bb7 11. Be2 Qe7 12. 0-0 Rg6 13. Qh4 Ng4 14. Qxh7 0-0-0 15. Bxg4 Rxg4 16. a4 a5 17. Rd1 Rdg8 18. c4 Nf6 19. Qh6 R4g6 20. Qh4 Qe8 21. Qf4 Qc6 22. d5 exd5 23. Be3 Qxc4 24. Bd4 Qc6 25. Ra3 Qe6 26. Rc3 Bc6 27. h4 Kb7 28. Ra3 Nd7 29. Rf1 Rg4 0-1

[Event "RC-2014-0-00141"]
[Site "LSS email"]
[Date "2014.02.20"]
[Round "?"]
[White "Van Leent, Dimitri"]
[Black "Khabarov, Valerij"]
[Result "0-1"]
[WhiteElo "1610"]
[BlackElo "1797"]
[PlyCount "32"]
[EventDate "2014.01.04"]
[EventType "tourn (corr)"]
[EventRounds "6"]
[EventCountry "GER"]
[SourceTitle "Telechess CBM 167"]
[Source "ChessBase"]
[SourceDate "2015.07.13"]
[SourceVersion "1"]
[SourceVersionDate "2015.07.13"]
[SourceQuality "1"]

1. c4 e5 2. g3 Nf6 3. Bg2 c6 4. d4 exd4 5. Qxd4 Na6 6. Nf3 Bc5 7. Qe5+ Be7 8. Nc3 0-0 9. 0-0 Nc5 10. Rd1 d6 11. Qd4 Bf5 12. Ne1 Re8 13. Qf4 Bg6 14. Nd3 Nfd7 15. Nxc5 Nxc5 16. b4 Bf6 0-1

[Event "OP-2014-0-03284"]
[Site "LSS email"]
[Date "2014.02.10"]
[Round "?"]
[White "Khabarov, Valerij"]
[Black "Raines, David T"]
[Result "1-0"]
[WhiteElo "1796"]
[BlackElo "895"]
[PlyCount "45"]
[EventDate "2014.02.04"]
[EventType "tourn (corr)"]
[EventRounds "4"]
[EventCountry "GER"]
[SourceTitle "Telechess CBM 167"]
[Source "ChessBase"]
[SourceDate "2015.07.13"]
[SourceVersion "1"]
[SourceVersionDate "2015.07.13"]
[SourceQuality "1"]

1. e4 c6 2. d4 d5 3. f3 e6 4. Nc3 Nf6 5. e5 Nfd7 6. f4 c5 7. Nf3 a6 8. Be3 Nc6 9. Be2 Be7 10. 0-0 0-0 11. Qd2 b5 12. Nd1 f5 13. c3 Na5 14. b3 Bb7 15. Nf2 Nc6 16. Rfc1 Rc8 17. Nd3 Kh8 18. dxc5 Ra8 19. a4 Na5 20. Qd1 Rc8 21. axb5 axb5 22. Rxa5 Nxc5 23. Nxc5 1-0